[Event "Tourn. n10137"]
[Site "www.echecsemail.com"]
[Date "2019.07.03"]
[Round "1"]
[White "Francesco"]
[Black "Insearchof"]
[WhiteElo "2170"]
[BlackElo "2170"]
[Result "1-0"]
[Round "1"]
1.e4 c5
2.Ng1f3 d6
3.d4 cxd4
4.Nf3xd4 Ng8f6
5.Nb1c3 a6
6.Bc1g5 Nb8d7
7.Bf1c4 Qd8b6
8.Bc4b3 e6
9.O-O Bf8e7
10.Rf1e1 Nd7c5
11.Qd1d2 O-O
12.Ra1d1 Qb6c7
13.h3 b5
14.a3 Bc8b7
15.f3 Nc5xb3
16.Nd4xb3 Rf8d8
17.Bg5f4 Ra8c8
18.Qd2e3 Nf6d7
19.Bf4g5 Nd7e5
20.Nb3d2 Be7xg5
21.Qe3xg5 b4
22.axb4  { time }
1-0

[Event "Tourn. n10117"]
[Site "www.echecsemail.com"]
[Date "2019.07.03"]
[Round "1"]
[White "Luban"]
[Black "Ff333"]
[WhiteElo "2140"]
[BlackElo "2060"]
[Result "1/2-1/2"]
[Round "1"]
1.d4 d5
2.Ng1f3 g6
3.h3 Bf8g7
4.e3 Ng8f6
5.c4 O-O
6.Nb1c3 c6
7.Bf1d3 Bc8e6
8.O-O dxc4
9.Bd3c2 Qd8d7
10.e4 Be6xh3
11.Nf3e5 Qd7e6
12.gxh3 Nb8d7
13.Ne5xd7 Qe6xd7
14.Kg2 Nf6h5
15.e5 Ra8d8
16.Bc1e3 f6
17.f4 Bg7h6
18.e6 Qd7xe6
19.Qd1e1 b5
20.Qe1f2 f5
21.Ra1e1 Qe6d6
22.Qf2h4 Bh6g7
23.Re1d1 Bg7f6
24.Qh4f2 Rd8d7
25.d5 a5
26.dxc6 Qd6xc6
27.Qf2f3 Qc6xf3
28.Kxf3 Rf8d8
29.Nc3xb5 Bf6xb2
30.a4 Rd7xd1
31.Rf1xd1 Rd8xd1
32.Bc2xd1 Kf7
33.Be3d2 c3
34.Nb5xc3 Nh5f6
35.Bd1b3 e6
36.Nc3b5 Nf6e4
37.Bd2xa5 Bb2g7
38.Nb5c7 Ne4c5
39.Bb3c4 Bg7h6
40.Ba5b4 Nc5xa4
41.Nc7xe6 Kf6
42.Ne6c7 g5
43.Nc7d5 Kg6
44.fxg5 Bh6xg5
45.Bb4a3 Bg5d2
46.Ke2 Bd2a5
47.Kd3 Na4b6
48.Nd5e7 Kg5
49.Ba3c1 Kf6
50.Ne7d5 Kg6
{ draw }
1/2-1/2

[Event "Tourn. n10042"]
[Site "www.echecsemail.com"]
[Date "2019.07.03"]
[Round "1"]
[White "Stepanpech"]
[Black "Ejner"]
[WhiteElo "2570"]
[BlackElo "2430"]
[Result "1-0"]
[Round "1"]
1.e4 e6
2.d4 d5
3.Nb1c3 Nb8c6
4.Ng1f3 Ng8f6
5.e5 Nf6e4
6.Bf1d3 Bf8b4
7.Bc1d2 Ne4xd2
8.Qd1xd2 f6
9.a3 Bb4xc3
10.Qd2xc3 fxe5
11.dxe5 O-O
12.h4 d4
13.Qc3d2 Rf8xf3
14.gxf3 Nc6xe5
15.Bd3e4 c5
16.Qd2f4 Qd8d6
17.Qf4g5 Bc8d7
18.Rh1g1 g6
19.h5 Ra8f8
20.hxg6 hxg6
21.O-O-O Bd7e8
22.Kb1 Ne5xf3
23.Qg5h6 Qd6f4
24.Rg1xg6 { resign }
1-0

[Event "Tourn. n10058"]
[Site "www.echecsemail.com"]
[Date "2019.07.03"]
[Round "1"]
[White "Darko10"]
[Black "Seger"]
[WhiteElo "2830"]
[BlackElo "2760"]
[Result "1-0"]
[Round "1"]
1.d4 d5
2.c4 e6
3.Ng1f3 Ng8f6
4.Nb1c3 Nb8d7
5.Bc1f4 dxc4
6.e3 Nf6d5
7.Bf1xc4 Nd5xf4
8.exf4 Nd7b6
9.Bc4d3 g6
10.h4 h5
11.Qd1e2 Qd8d6
12.g3 Bf8g7
13.O-O O-O
14.Nc3e4 Qd6d8
15.Ra1d1 Bc8d7
16.Ne4g5 Nb6d5
17.Rf1e1 Bd7e8
18.a3 c6
19.Nf3e5 Qd8c7
20.Qe2c2 Bg7f6
21.Bd3e4 Ra8d8
22.Be4f3 Qc7b8
23.b4 Qb8c7
24.Rd1d3 Qc7c8
25.Kg2 Bf6g7
26.Bf3xd5 Rd8xd5
27.Ng5e4 Qc8d8
28.Re1d1 Qd8a8
29.Kg1 Qa8d8
30.Ne4c3 Rd5d6
31.Ne5c4 Rd6d7
32.a4 f6
33.Nc3e4 b6
34.a5 Kh8
35.Kh2 Kg8
36.Nc4e3 Qd8e7
37.Rd3d2 Qe7xb4
38.Ne3c4 Qb4e7
39.axb6 axb6
40.Nc4xb6 Rd7c7
41.Ne4c5 Be8f7
42.Rd1e1 Qe7d6
43.Nb6c4 Qd6d5
44.Re1a1 Qd5d8
45.Ra1a5 Rf8e8
46.Qc2c3 Qd8e7
47.Rd2e2 Kh8
48.Ra5a1 Qe7d8
49.Ra1a6 Qd8d5
50.Ra6a5 Qd5d8
51.Re2a2 Qd8e7
52.Nc5e4 Re8d8
53.Ra2a4 Bf7e8
54.Ne4c5 Be8f7
55.Qc3a1 Qe7f8
56.Ra5a8 Bf7g8
57.Nc4b6 Rd8xa8
58.Ra4xa8 Qf8e7
59.Nb6c4 Kh7
60.Nc4d2 Bg8f7
61.Qa1a5 Kh6
62.Kh3 Kh7
63.Nd2e4 Kh6
64.Qa5b6 Kh7
65.Kg2 Kh6
66.f3 Kh7
67.Qb6a5 Kh6
68.g4 Kh7
69.g5 fxg5
70.Ne4xg5 Kh6
71.Qa5d2 Rc7a7
72.Ng5xf7 Qe7xf7
73.Nc5xe6 Qf7xe6
74.f5 Kh7
75.fxe6 Ra7xa8
76.Qd2c3 Ra8a2
77.Kg3 Ra2a7
78.Qc3c5 Ra7a1
79.Qc5xc6 Ra1a7
80.Qc6c5 Ra7a1
81.e7 { resign }
1-0

[Event "Match"]
[Site "www.echecsemail.com"]
[Date "2019.07.03"]
[Round "1"]
[White "Comrade"]
[Black "Insearchof"]
[WhiteElo "2280"]
[BlackElo "2170"]
[Result "1-0"]
[Round "1"]
1.c4 e5
2.Nb1c3 Ng8f6
3.g3 d5
4.cxd5 Nf6xd5
5.Bf1g2 Nd5b6
6.Ng1f3 Nb8c6
7.d3 Bf8e7
8.O-O O-O
9.a3 a5
10.Bc1d2 Bc8e6
11.Qd1c2 a4
12.Nc3b5 Be6b3
13.Qc2c1 Qd8d7
14.Bd2e3 Nb6d5
15.Nf3d2 Nd5xe3
16.fxe3 Bb3e6
17.Nd2e4 Be6d5
18.Nb5c3 Bd5e6
19.d4 exd4
20.Rf1d1 f5
21.Ne4f2  { time }
1-0

[Event "Tourn. n10121"]
[Site "www.echecsemail.com"]
[Date "2019.07.04"]
[Round "1"]
[White "Aperturaf"]
[Black "D4minance"]
[WhiteElo "2740"]
[BlackElo "2570"]
[Result "1/2-1/2"]
[Round "1"]
1.e4 c5
2.Ng1f3 d6
3.d4 cxd4
4.Qd1xd4 Nb8c6
5.Bf1b5 a6
6.Bb5xc6 bxc6
7.O-O e5
8.Qd4a4 Qd8c7
9.c4 Ng8f6
10.Nb1c3 Bc8g4
11.Bc1e3 Bf8e7
12.Nc3d5 Nf6xd5
13.cxd5 Bg4d7
14.Ra1c1 c5
15.Qa4d1 Bd7b5
16.Rf1e1 a5
17.b3 O-O
18.Nf3d2 f5
19.exf5 Rf8xf5
20.Nd2c4 Rf5f7
21.a4 Bb5a6
22.Be3d2 Ba6b7
23.Bd2e3 Ra8f8
24.Qd1d2 Be7d8
25.f3 Bb7c8
26.Qd2e2 Rf7f6
27.Kh1 h6
28.Be3f2 Qc7b7
29.Qe2d1 Qb7f7
30.Qd1d2 Qf7g6
31.Qd2c2 Qg6g5
32.Qc2e4 Qg5h5
33.Qe4e2 Bd8c7
34.Bf2g3 Qh5g6
35.Qe2e4 Bc8f5
36.Qe4e2 Rf6f7
37.Rc1c3 Bf5c8
{ draw }
1/2-1/2

[Event "Tourn. n10136"]
[Site "www.echecsemail.com"]
[Date "2019.07.04"]
[Round "1"]
[White "Ditto"]
[Black "Jerome"]
[WhiteElo "1890"]
[BlackElo "1869"]
[Result "0-1"]
[Round "1"]
1.e4 c5
2.Bf1c4 e6
3.Ng1f3 d6
4.d3 Ng8f6
5.Bc1g5 Bf8e7
6.O-O O-O
7.Rf1e1 Nb8c6
8.c3 h6
9.Bg5e3 d5
10.exd5 exd5
11.Bc4b3 Be7d6
12.Bb3c2 d4
13.cxd4 cxd4
14.Nf3xd4 Nc6xd4
15.Be3xd4 Bd6xh2
16.Kxh2 Qd8xd4
17.Nb1c3 Nf6g4
18.Kg3 Qd4xf2
19.Kh3 Ng4e3
{ resign }
0-1

[Event "Tourn. n10153"]
[Site "www.echecsemail.com"]
[Date "2019.07.04"]
[Round "1"]
[White "Hundegana"]
[Black "Picifarkinca"]
[WhiteElo "1990"]
[BlackElo "1880"]
[Result "1-0"]
[Round "1"]
1.b4 d5
2.Bc1b2 Bc8f5
3.d3 Ng8f6
4.Ng1f3 Nb8d7
5.Nb1d2 e6
6.a3 c5
7.b5 Bf8d6
8.a4 O-O
9.e4 dxe4
10.dxe4 Bf5g4
11.h3 Bg4h5
12.g4 Bh5g6
13.e5 Nd7xe5
14.Nf3xe5 { resign }
1-0

[Event "Tourn. n10126"]
[Site "www.echecsemail.com"]
[Date "2019.07.04"]
[Round "1"]
[White "Hansen"]
[Black "Chessdna"]
[WhiteElo "1730"]
[BlackElo "1650"]
[Result "1-0"]
[Round "1"]
1.e4 e5
2.a3 Ng8f6
3.Ng1f3 c6
4.Nb1c3 d6
5.h3 b5
6.d4 exd4
7.Nf3xd4 d5
8.exd5 Nf6xd5
9.a4 Nd5xc3
10.bxc3 Qd8d5
11.axb5 c5
12.Qd1e2 Bf8e7
13.f3 cxd4
14.c4 Qd5e6
15.Qe2xe6 Bc8xe6
16.Bc1b2 Be7h4
17.Kd2 Bh4g5
18.Kd1 Bg5f6
19.g4 O-O
20.c5 Be6d5
21.Rh1h2 Bd5xf3
22.Kd2 Nb8d7
23.Bb2a3 Bf6g5
24.Ke1 Rf8e8
25.Kf2 Nd7e5
26.Ba3b2  { time }
1-0

[Event "Tourn. n10146"]
[Site "www.echecsemail.com"]
[Date "2019.07.04"]
[Round "1"]
[White "Fabos12"]
[Black "Scasan55"]
[WhiteElo "1830"]
[BlackElo "1970"]
[Result "0-1"]
[Round "1"]
1.d4 Ng8f6
2.c4 e6
3.Ng1f3 d5
4.Bc1g5 Bf8e7
5.Nb1c3 O-O
6.c5 Nb8c6
7.e3 a6
8.a3 h6
9.Bg5h4 Rf8e8
10.Bf1d3 b6
11.b4 bxc5
12.bxc5 Be7f8
13.Ra1b1 g5
14.Bh4g3 Nf6h5
15.O-O Nh5xg3
16.fxg3 e5
17.dxe5 { time. }
0-1

[Event "Tourn. n10121"]
[Site "www.echecsemail.com"]
[Date "2019.07.04"]
[Round "1"]
[White "Aperturaf"]
[Black "Conde7"]
[WhiteElo "2740"]
[BlackElo "2790"]
[Result "0-1"]
[Round "1"]
1.e4 e5
2.Ng1f3 Nb8c6
3.Bf1b5 a6
4.Bb5xc6 dxc6
5.O-O Bc8g4
6.d3 Qd8f6
7.h3 h5
8.Nb1d2 g5
9.Nd2c4 Bg4xf3
10.Qd1xf3 Qf6xf3
11.gxf3 f6
12.h4 gxh4
13.f4 b5
14.Nc4a5 Kd7
15.Kg2 exf4
16.Bc1xf4 Bf8d6
17.Bf4d2 Ng8h6
18.Rf1h1 f5
19.Na5b7 Bd6e7
20.Kf1 fxe4
21.dxe4 Ra8g8
22.b4 Nh6f7
23.Bd2c3 Rh8h7
24.Nb7c5 Be7xc5
25.bxc5 Rg8g4
26.f3 Rg4g3
27.Ra1d1 Kc8
28.Rd1d3 Nf7g5
29.Rh1xh4 Rg3xf3
30.Ke2 Rf3f8
31.Rd3g3 Ng5e6
32.Ke3 Kb7
33.Rg3g6 Rf8e8
34.Rg6f6 Ne6xc5
35.Rf6f5 Nc5a4
36.Bc3d4 Na4b6
37.Bd4xb6 Kxb6
38.Rh4xh5 Rh7d7
39.Rf5e5 Re8d8
40.Rh5h2 Rd7d1
41.Rh2e2 Rd1a1
42.c4 c5
43.Re5f5 bxc4
44.Re2b2 Kc6
45.Rf5f6 Rd8d6
46.e5 Rd6xf6
47.exf6 Ra1f1
{ resign }
0-1

[Event "Fast Game"]
[Site "www.echecsemail.com"]
[Date "2019.07.04"]
[Round "1"]
[White "Ern007"]
[Black "Fereike"]
[WhiteElo "1599"]
[BlackElo "1599"]
[Result "1-0"]
[Round "1"]
1.d4 Ng8f6
2.c4 e5
3.dxe5 Nf6g4
4.Bc1f4 Bf8b4
5.Nb1d2 Nb8c6
6.Ng1f3 Qd8e7
7.e3 Ng4xe5
8.Nf3xe5 Nc6xe5
9.Bf1e2 O-O
10.O-O Bb4xd2
11.Qd1xd2 d6
12.b4 Bc8e6
13.Rf1c1 Ne5g6
14.Bf4g3 f6
15.a4 Rf8d8
16.a5  { time }
1-0

[Event "Tourn. n10126"]
[Site "www.echecsemail.com"]
[Date "2019.07.05"]
[Round "1"]
[White "Pariolinius"]
[Black "Chessdna"]
[WhiteElo "1870"]
[BlackElo "1650"]
[Result "1-0"]
[Round "1"]
1.e4 e5
2.Nb1c3 c6
3.Bf1c4 b5
4.Bc4b3 Ng8f6
5.d3 b4
6.Nc3e2 d5
7.Bc1g5 dxe4
8.Bg5xf6 Qd8xf6
9.dxe4 Bf8c5
10.Ng1f3 Bc8h3
11.gxh3 Qf6xf3
12.Rh1f1 Qf3xe4
13.f3 Qe4h4
14.Kd2 O-O
15.Kc1 Bc5f2
16.Ne2g3 Rf8d8
17.Qd1e2 Qh4f4
18.Kb1 Bf2xg3
19.hxg3 Qf4xg3
20.Qe2c4 Rd8d7
21.a3 bxa3
22.bxa3 Qg3xh3
23.Ka2 a5
24.Bb3a4 Rd7d4
25.Ra1d1 Qh3c8
26.Rd1xd4 exd4
27.Ba4b3  { time }
1-0

[Event "Match"]
[Site "www.echecsemail.com"]
[Date "2019.07.05"]
[Round "1"]
[White "Goofy"]
[Black "Ketchuplover"]
[WhiteElo "2280"]
[BlackElo "2010"]
[Result "1-0"]
[Round "1"]
1.e4 c5
2.d4 e6
3.d5 exd5
4.exd5 d6
5.c4 Ng8f6
6.Nb1c3 Bf8e7
7.Bf1d3 O-O
8.h3 Rf8e8
9.Ng1f3 Nb8d7
10.O-O Nd7f8
11.Rf1e1 a6
12.a4 Nf8g6
13.a5 Be7f8
14.Bc1d2 Re8xe1
15.Qd1xe1 Qd8e8
16.Qe1d1 Ng6e5
17.Nf3xe5 dxe5
18.Qd1c2 Bf8d6
19.Nc3e4 Nf6xe4
20.Bd3xe4 g6
21.g4 Qe8f8
22.Kg2 f5
23.gxf5 Bc8xf5
24.Ra1e1 Kg7
25.Re1e3 Bf5xe4
26.Qc2xe4 Qf8f5
27.Bd2c3 Ra8f8
28.Bc3xe5 Bd6xe5
29.Qe4xe5 Kh6
30.Qe5xf5 { resign }
1-0

[Event "Match"]
[Site "www.echecsemail.com"]
[Date "2019.07.05"]
[Round "1"]
[White "Jacqcrom"]
[Black "Sonny1000"]
[WhiteElo "1499"]
[BlackElo "1540"]
[Result "1-0"]
[Round "1"]
1.e4 e5
2.Ng1f3 f6
3.c3 Bf8c5
4.d4 d5
5.Bf1d3 Nb8c6
6.O-O dxe4
7.Bd3xe4 Bc8g4
8.Bc1e3 f5
9.Qd1d3 fxe4
10.Qd3xe4 Bg4xf3
11.Qe4xf3 Bc5f8
12.Nb1d2 Ng8f6
13.Rf1e1 Bf8d6
14.Nd2c4 e4
15.Qf3f5 g6
16.Qf5e6 Bd6e7
17.d5 Nc6b8
18.Nc4e5 Rh8f8
19.c4 a6
20.Re1d1 Nf6d7
21.Ne5g4 a5
22.Be3g5 Rf8f7
23.Ng4h6 Nd7f8
24.Qe6xf7 Kd7
25.Rd1e1 Kd6
26.Qf7f4 Kc5
27.Nh6f7 Qd8e8
28.Re1xe4 Nf8d7
29.Qf4xc7 Kb4
30.a3 Kb3
31.Bg5c1 Qe8xf7
32.Qc7xb7 Nd7b6
33.Qb7xb6 Kc2
34.b4 a4
35.Qb6d4 Be7g5
36.Bc1xg5 Qf7f5
37.Ra1a2 Kb3
38.Qd4b2 { resign }
1-0

[Event "Tourn. n10105"]
[Site "www.echecsemail.com"]
[Date "2019.07.05"]
[Round "1"]
[White "Picifarkinca"]
[Black "Esperanza"]
[WhiteElo "2020"]
[BlackElo "1850"]
[Result "1-0"]
[Round "1"]
1.e4 e5
2.Ng1f3 Nb8c6
3.Bf1b5 a6
4.Bb5a4 Ng8f6
5.O-O Bf8e7
6.Rf1e1 b5
7.Ba4b3 O-O
8.d3 d6
9.c3 Nc6a5
10.Bb3c2 c5
11.h3 h6
12.Nb1d2 Bc8e6
13.Nd2f1 Qd8d7
14.Nf1e3 g5
15.d4 cxd4
16.cxd4 exd4
17.Nf3xd4 Na5c4
18.Ne3f5 Nf6h7
19.Nd4xe6 Qd7xe6
20.b3 Nc4e5
21.f4 Ne5d7
22.Nf5xe7 Qe6xe7
23.e5 dxe5
24.fxe5 Nd7xe5
25.Bc1b2 Ra8d8
26.Qd1h5 Qe7c5
27.Kh1 Qc5xc2
28.Bb2xe5 Qc2g6
29.Qh5xg6 fxg6
30.Kg1 Rd8d2
31.Be5c3 Rd2c2
32.Bc3d4 Rf8d8
33.Bd4e3 Nh7f6
34.Re1c1 Rc2xc1
35.Ra1xc1 Rd8d6
36.Rc1c8 Kf7
37.Rc8c7 Ke6
38.Kf2 Nf6d5
{ time. }
1-0

[Event "Tourn. n10153"]
[Site "www.echecsemail.com"]
[Date "2019.07.05"]
[Round "1"]
[White "Fabos12"]
[Black "Hundegana"]
[WhiteElo "1910"]
[BlackElo "1990"]
[Result "0-1"]
[Round "1"]
1.d4 f5
2.Ng1f3 g6
3.c4 Bf8g7
4.Nb1c3 Ng8f6
5.Bc1d2 O-O
6.g3 Nb8c6
7.Bf1g2 Nf6e4
8.Ra1c1 e6
9.O-O Nc6xd4
10.Nf3xd4 Bg7xd4
11.Bg2xe4 fxe4
12.Nc3xe4 Bd4xb2
13.Rc1c2 Bb2g7
14.Bd2g5 { time. }
0-1

[Event "Tourn. n10158"]
[Site "www.echecsemail.com"]
[Date "2019.07.05"]
[Round "1"]
[White "Orhany24"]
[Black "Bojan"]
[WhiteElo "2120"]
[BlackElo "2010"]
[Result "1-0"]
[Round "1"]
1.e4 e5
2.Ng1f3 d6
3.d4 exd4
4.Nf3xd4 c5
5.Nd4f3 b6
6.c4 Bc8d7
7.Nb1c3 h6
8.Bf1d3 Bd7c6
9.O-O Nb8d7
10.Nc3d5 Nd7f6
11.Rf1e1 Qd8d7
12.Bc1f4 Nf6h5
13.Bf4e3 g6
14.h3 Nh5f6
15.Ra1c1 Bf8g7
16.Qd1d2 Ng8e7
17.Be3f4 g5
18.Bf4e3 O-O-O
19.b4 a6
20.Nd5xb6 Kc7
21.Nb6xd7 Rd8xd7
22.bxc5 dxc5
23.Be3xc5 Ne7g6
24.Qd2a5 Kc8
25.Re1d1 Bc6b7
26.Rc1b1 Rh8e8
27.Bd3c2 Rd7c7
28.Bc5b6 Rc7d7
29.Bc2a4 Rd7xd1
30.Rb1xd1 Re8g8
31.Qa5c5 Kb8
32.Qc5c7 Ka8
33.Ba4c6 { resign }
1-0

[Event "Tourn. n10147"]
[Site "www.echecsemail.com"]
[Date "2019.07.05"]
[Round "1"]
[White "Numanoid"]
[Black "D4minance"]
[WhiteElo "2760"]
[BlackElo "2800"]
[Result "1/2-1/2"]
[Round "1"]
1.e4 c5
2.Ng1f3 Nb8c6
3.Bf1b5 g6
4.Bb5xc6 dxc6
5.d3 Bf8g7
6.h3 Ng8f6
7.Nb1c3 Nf6d7
8.Bc1e3 e5
9.Qd1d2 h6
10.O-O b6
11.Nf3h2 Nd7f8
12.f4 exf4
13.Rf1xf4 g5
14.Rf4f2 Bc8e6
15.a4 a5
16.Nc3e2 Qd8d6
17.d4 Nf8g6
18.dxc5 Qd6xd2
19.Be3xd2 bxc5
20.Bd2e3 Bg7xb2
21.Ra1b1 Bb2a3
22.Rb1a1 Ba3b2
23.Ra1b1 Bb2a3
24.Rb1a1 { draw }
1/2-1/2

[Event "Tourn. n10143"]
[Site "www.echecsemail.com"]
[Date "2019.07.05"]
[Round "1"]
[White "Bojan"]
[Black "Esperanza"]
[WhiteElo "2160"]
[BlackElo "2060"]
[Result "0-1"]
[Round "1"]
1.d4 Ng8f6
2.Bc1g5 g6
3.e4 Nf6xe4
4.Bg5f4 Bf8g7
5.c3 O-O
6.Bf1d3 Ne4f6
7.Ng1f3 d6
8.h3 Nb8d7
9.Nb1d2 Rf8e8
10.O-O e5
11.Bf4g5 h6
12.Bg5h4 g5
13.Bh4g3 e4
14.Nf3xg5 hxg5
15.Bd3c4 d5
16.Bc4b5 c6
17.Bb5e2 Nd7f8
18.f4 gxf4
19.Bg3xf4 Nf8g6
20.Bf4g5 Qd8d6
21.Qd1e1 Nf6h7
22.Bg5e3 f5
23.g3 f4
24.Be3f2 e3
25.Bf2xe3 fxe3
26.Nd2b3 Bc8xh3
27.Kh2 Bh3xf1
28.Qe1xf1 Re8f8
29.Qf1e1 Rf8f2
30.Kg1 Qd6xg3
{ resign }
0-1

[Event "Tourn. n10168"]
[Site "www.echecsemail.com"]
[Date "2019.07.05"]
[Round "1"]
[White "Bojan"]
[Black "Fantomas"]
[WhiteElo "2000"]
[BlackElo "2170"]
[Result "0-1"]
[Round "1"]
1.e4 c6
2.d4 d5
3.exd5 cxd5
4.c4 Nb8c6
5.h3 dxc4
6.Bf1xc4 Qd8xd4
7.Qd1e2 Ng8f6
8.Ng1f3 Qd4d6
9.O-O e6
10.Nb1c3 a6
11.Rf1d1 Qd6c7
12.a3 Bf8e7
13.Nc3e4 O-O
14.b4 b5
15.Bc4a2 Rf8d8
16.Bc1b2 Bc8d7
17.Ne4xf6 Be7xf6
18.Bb2xf6 gxf6
19.Ra1c1 Qc7f4
20.Nf3h2 f5
21.Rc1c3 Nc6e5
22.Rc3g3 Ne5g6
23.Qe2b2 Bd7c6
24.Qb2e2 Qf4h4
25.Nh2f3 Qh4f6
26.Nf3e5 Rd8xd1
27.Qe2xd1 Qf6xe5
28.Qd1c2 Bc6e4
29.Qc2d2 Ra8c8
30.Rg3e3 Qe5a1
31.Kh2 Qa1e5
32.g3 Kg7
33.Ba2b3 Ng6h4
34.f4 Qe5c7
35.gxh4 Kf8
36.Kg3 Ke7
37.a4 Rc8g8
38.Kf2 Rg8g2
{ resign }
0-1

[Event "Tourn. n10129"]
[Site "www.echecsemail.com"]
[Date "2019.07.05"]
[Round "1"]
[White "Jerome"]
[Black "Fabos12"]
[WhiteElo "1869"]
[BlackElo "1850"]
[Result "1-0"]
[Round "1"]
1.e4 e5
2.Ng1f3 Nb8c6
3.Bf1b5 Bf8c5
4.c3 a6
5.Bb5a4 b5
6.Ba4b3 h6
7.O-O Bc8b7
8.d4 exd4
9.cxd4 Bc5b6
10.Nb1c3 Ra8c8
11.Nf3e5 Nc6xe5
12.dxe5 Qd8e7
13.Nc3d5 Qe7xe5
14.Bc1f4 Qe5xb2
15.Nd5xb6 cxb6
16.e5 Ng8e7
17.Qd1g4 g5
18.Ra1d1 gxf4
19.Qg4xd7 Kf8
20.Qd7xb7  { time }
1-0

[Event "Tourn. n10156"]
[Site "www.echecsemail.com"]
[Date "2019.07.05"]
[Round "1"]
[White "Foxy100"]
[Black "Szustan"]
[WhiteElo "2490"]
[BlackElo "2620"]
[Result "1/2-1/2"]
[Round "1"]
1.e4 e5
2.Ng1f3 Nb8c6
3.Bf1c4 Ng8f6
4.d4 exd4
5.O-O Nf6xe4
6.Rf1e1 d5
7.Bc4xd5 Qd8xd5
8.Nb1c3 Qd5a5
9.Nc3xe4 Bc8e6
10.Ne4g5 O-O-O
11.Ng5xe6 fxe6
12.Re1xe6 Bf8e7
13.Nf3e5 Nc6xe5
14.Re6xe7 Rh8e8
15.Re7xe8 Rd8xe8
16.Bc1d2 Qa5b6
17.Qd1h5 Qb6g6
18.Qh5xg6 Ne5xg6
19.Kf1 c5
20.Ra1d1 b5
21.a4 b4
{ draw }
1/2-1/2

[Event "Tourn. n10128"]
[Site "www.echecsemail.com"]
[Date "2019.07.05"]
[Round "1"]
[White "Szustan"]
[Black "Rons"]
[WhiteElo "2610"]
[BlackElo "2640"]
[Result "1/2-1/2"]
[Round "1"]
1.e4 c5
2.c3 Ng8f6
3.e5 Nf6d5
4.d4 cxd4
5.Ng1f3 Nb8c6
6.cxd4 d6
7.Bf1c4 Nd5b6
8.Bc4b5 dxe5
9.Nf3xe5 Bc8d7
10.Ne5xd7 Qd8xd7
11.Nb1c3 Ra8d8
12.O-O e6
13.Bc1e3 Bf8e7
14.Qd1g4 O-O
15.Ra1d1 g6
16.Qg4h3 Qd7c7
17.Rf1e1 a6
18.Bb5d3 Rd8d7
19.Rd1c1 Rf8c8
20.a3 Qc7d8
21.Bd3e4 f5
22.Be4c2 Nc6xd4
23.Be3xd4 Rd7xd4
24.Re1xe6 Be7g5
25.Rc1e1 Nb6c4
26.Qh3g3 Kh8
27.h3 Bg5h4
28.Qg3f3 Rd4d2
29.Re1e2 Qd8d7
30.g3 Rd2xc2
31.gxh4 Rc2xe2
32.Qf3xe2 b6
33.a4 Kg8
34.Re6e7 Qd7d6
35.Re7e6 { draw }
1/2-1/2

[Event "Match"]
[Site "www.echecsemail.com"]
[Date "2019.07.06"]
[Round "1"]
[White "Leonger"]
[Black "Fereike"]
[WhiteElo "2160"]
[BlackElo "1399"]
[Result "1-0"]
[Round "1"]
1.e4 c5
2.Ng1f3 Nb8c6
3.d4 cxd4
4.Nf3xd4 Ng8f6
5.Nb1c3 e5
6.Nd4b3 d6
7.h3 Bc8e6
8.Bf1b5 { time. }
1-0

[Event "Match"]
[Site "www.echecsemail.com"]
[Date "2019.07.06"]
[Round "1"]
[White "Bjonil60"]
[Black "Jacqcrom"]
[WhiteElo "1480"]
[BlackElo "1499"]
[Result "0-1"]
[Round "1"]
1.Nb1c3 d5
2.d4 Nb8c6
3.e3 a6
4.Qd1e2 Ng8f6
5.h3 e6
6.Ng1f3 Bf8b4
7.Bc1d2 Rh8f8
8.O-O-O Qd8e7
9.Nc3b1 Bb4d6
10.g3 e5
11.dxe5 Nc6xe5
12.Nf3xe5 Bd6xe5
13.f4 Be5d6
14.Nb1c3 Bc8f5
15.g4 Bf5d7
16.Bf1g2 Nf6e4
17.Nc3xe4 dxe4
18.c3 b5
19.b3 a5
20.g5 a4
21.b4 Ra8b8
22.Kb2 Rb8a8
23.Ka3 c5
24.bxc5 Bd6xc5
25.Kb2 Ra8b8
26.Qe2h5 h6
27.gxh6 gxh6
28.Qh5xh6 Rb8b6
29.Qh6g5 f6
30.Qg5h5 Qe7f7
31.Qh5xc5 Rb6c6
32.Qc5xb5 Rc6c4
33.Qb5a6 Rc4c6
34.Qa6e2 f5
35.h4 Bd7e6
36.a3 Qf7b7
37.Kc2 Qb7b3
38.Kc1 Rc6b6
39.Bd2e1 Qb3b1
40.Kd2 Qb1b2

0-1

[Event "Match"]
[Site "www.echecsemail.com"]
[Date "2019.07.06"]
[Round "1"]
[White "Passaroa25"]
[Black "Fereike"]
[WhiteElo "1700"]
[BlackElo "1399"]
[Result "1-0"]
[Round "1"]
1.Nb1c3 c5
2.Ng1f3 Nb8c6
3.g3 d5
4.e3 Bc8g4
5.Bf1e2 e5
6.d3 f5
7.O-O Ng8f6
8.Bc1d2 { resign }
1-0

[Event "Tourn. n10155"]
[Site "www.echecsemail.com"]
[Date "2019.07.06"]
[Round "1"]
[White "Claudia"]
[Black "Apdash"]
[WhiteElo "2190"]
[BlackElo "2200"]
[Result "0-1"]
[Round "1"]
1.d4 Ng8f6
2.c4 d5
3.cxd5 Nf6xd5
4.e4 Nd5b6
5.Ng1f3 Bc8g4
6.Nb1c3 a6
7.Bf1e2 e6
8.O-O Bf8e7
9.h3 Bg4h5
10.b3 O-O
11.Bc1b2 c5
12.Qd1d2 Bh5xf3
13.Be2xf3 cxd4
14.Nc3e2 { time. }
0-1

[Event "Match"]
[Site "www.echecsemail.com"]
[Date "2019.07.06"]
[Round "1"]
[White "Insearchof"]
[Black "Virgil08bv"]
[WhiteElo "2170"]
[BlackElo "2670"]
[Result "0-1"]
[Round "1"]
1.d4 Ng8f6
2.c4 e6
3.Ng1f3 b6
4.a3 Bc8b7
5.Nb1c3 d5
6.cxd5 Nf6xd5
7.Qd1c2 Nd5xc3
8.bxc3 Nb8d7
9.e4 Bf8e7
10.Bf1d3 c5
11.O-O O-O
12.Bc1f4 Ra8c8
13.Qc2e2 cxd4
14.cxd4 Nd7f6
15.Rf1d1 Rc8c3
16.d5 exd5
17.e5 Nf6d7
18.e6 Nd7c5
19.Bd3f5 fxe6
20.Bf5xe6 Kh8
 { time }
0-1

[Event "Match"]
[Site "www.echecsemail.com"]
[Date "2019.07.06"]
[Round "1"]
[White "Fereike"]
[Black "Coolant"]
[WhiteElo "1399"]
[BlackElo "2350"]
[Result "0-1"]
[Round "1"]
1.Ng1f3 f5
2.g3 Ng8f6
3.Bf1g2 g6
4.O-O Bf8g7
5.c4 O-O
6.Nb1c3 d6
7.d3 e5
8.e3 c6
{ resign }
0-1

[Event "Tourn. n10079"]
[Site "www.echecsemail.com"]
[Date "2019.07.06"]
[Round "1"]
[White "Nevaeh"]
[Black "Seger"]
[WhiteElo "2780"]
[BlackElo "2780"]
[Result "1-0"]
[Round "1"]
1.e4 c5
2.Ng1f3 d6
3.d4 cxd4
4.Nf3xd4 Ng8f6
5.Nb1c3 a6
6.Bc1e3 e5
7.Nd4b3 Bf8e7
8.Bf1e2 O-O
9.g4 Bc8e6
10.g5 Nf6d7
11.h4 Nb8c6
12.Be2g4 Nd7c5
13.Bg4xe6 fxe6
14.Qd1g4 Qd8c8
15.O-O-O b5
16.Kb1 Nc5xb3
17.cxb3 Ra8b8
18.Rd1d2 Rb8b7
19.Rh1c1 Rb7c7
20.Nc3e2 Nc6d8
21.Rc1d1 Nd8c6
22.f4 d5
23.exd5 exd5
24.Qg4xc8 Rc7xc8
25.Rd2xd5 Rc8d8
26.Rd5d7 g6
27.a3 Rf8e8
28.Be3b6 Rd8xd7
29.Rd1xd7 Be7f8
30.Bb6f2 Re8e7
31.Rd7d2 Re7e8
32.b4 Kf7
33.Bf2c5 exf4
34.Ne2xf4 Re8e1
35.Ka2 Bf8xc5
36.bxc5 Re1e4
37.Rd2f2 Nc6d4
38.Nf4d5 Ke6
39.Nd5c7 Ke5
40.Nc7xa6 Re4xh4
41.Na6b4 h6
42.Rf2g2 h5
43.Rg2d2 Rh4g4
44.c6 Nd4xc6
45.Nb4xc6 Kf4
46.Rd2d6 h4
47.Rd6xg6 Rg4xg5
48.Rg6h6 Kg4
49.Nc6d4 Rg5d5
50.Nd4f3 Kxf3
51.Rh6xh4 { resign }
1-0

[Event "Match"]
[Site "www.echecsemail.com"]
[Date "2019.07.06"]
[Round "1"]
[White "Estonia"]
[Black "Fereike"]
[WhiteElo "1970"]
[BlackElo "1399"]
[Result "1-0"]
[Round "1"]
1.e4 c5
2.Ng1f3 Nb8c6
3.d4 cxd4
4.Nf3xd4 Ng8f6
5.Nb1c3 e5
6.Nd4xc6 bxc6
7.Bf1c4 Bc8b7
8.Bc1g5 Bf8e7
9.O-O O-O
10.Bg5xf6 { time. }
1-0

[Event "Match"]
[Site "www.echecsemail.com"]
[Date "2019.07.06"]
[Round "1"]
[White "Hansen"]
[Black "Fereike"]
[WhiteElo "1700"]
[BlackElo "1399"]
[Result "1-0"]
[Round "1"]
1.e4 c6
2.Bf1c4 d5
3.exd5 cxd5
4.Bc4b3 Nb8c6
5.c3 e5
6.h3 Ng8f6
7.f3 Bf8d6
8.d3 Bc8e6
9.d4 { time. }
1-0

[Event "Match"]
[Site "www.echecsemail.com"]
[Date "2019.07.06"]
[Round "1"]
[White "Fereike"]
[Black "Hundegana"]
[WhiteElo "1399"]
[BlackElo "1990"]
[Result "0-1"]
[Round "1"]
1.d4 d5
2.c4 c6
3.Ng1f3 g6
4.Nb1c3 Ng8f6
5.b3 Bc8f5
6.Bc1b2 Nb8d7
7.e3 Nf6e4
{ time. }
0-1

[Event "1/128 Finale"]
[Site "www.chess-mail.com"]
[Date "2019.07.06"]
[Round "1"]
[White "Ern007"]
[Black "Fereike"]
[WhiteElo "1499"]
[BlackElo "1399"]
[Result "1-0"]
[Round "1"]
1.d4 d5
2.c4 e6
3.Nb1c3 Ng8f6
4.cxd5 exd5
5.Bc1g5 Bf8e7
6.Qd1c2 c6
7.e3 O-O
8.Bf1d3 h6
9.Bg5h4 { time. }
1-0

[Event "Fast Game"]
[Site "www.echecsemail.com"]
[Date "2019.07.06"]
[Round "1"]
[White "Fereike"]
[Black "Cal"]
[WhiteElo "1599"]
[BlackElo "1660"]
[Result "1-0"]
[Round "1"]
1.e4 e5
2.Ng1f3 d6
3.Bf1c4 h6
4.d4 exd4
5.Nf3xd4 Ng8f6
6.Nb1c3 a6
7.a4 c5
8.Nd4f5 Nb8c6
9.O-O Nc6e5
10.Bc4e2 Bc8xf5
11.exf5 d5
12.Bc1f4 Ne5c6
13.Be2f3 Bf8e7
14.Rf1e1  { time }
1-0

[Event "Match"]
[Site "www.echecsemail.com"]
[Date "2019.07.07"]
[Round "1"]
[White "Ditto"]
[Black "Dussek"]
[WhiteElo "1870"]
[BlackElo "1910"]
[Result "0-1"]
[Round "1"]
1.e4 c5
2.Bf1c4 e6
3.Ng1f3 d6
4.d4 cxd4
5.Qd1xd4 Nb8c6
6.Qd4d1 Bf8e7
7.Bc1e3 Ng8f6
8.O-O O-O
9.Bc4d3 a6
10.Be3f4 e5
11.Bf4d2 Bc8g4
12.c3 d5
13.Rf1e1 Be7c5
14.Bd2g5 h6
15.Bg5h4 Qd8d6
16.Nb1d2 Nf6h5
17.Bd3e2 Nh5f4
18.exd5 Nc6e7
19.Be2c4 Ne7xd5
20.Nd2e4 Qd6b6
21.Ne4xc5 Qb6xc5
22.Bh4g3 Ra8d8
23.Re1xe5 Qc5xc4
24.Ra1b1 Nd5xc3
25.Qd1c1 Nc3e2
26.Kh1 Ne2xc1
27.Re5e1 Nf4e2
28.Bg3h4 f6
29.b3 Qc4c2
30.Rb1a1 Rd8d1
31.h3 Bg4xf3
32.gxf3 Rd1xe1
{ resign }
0-1